000 00371nam a2200157Ia 4500
008 230917s9999||||xx |||||||||||||| ||und||
040 _e170033
_aMAIN
041 _aEnglish
082 _a658 R534M(10)
100 _aRobbins, Stephen
245 0 _aManagement
250 _a10th ed.
260 _aNew Delhi
_bPearson Education
_c2010
300 _a544 p.
942 _cBK
999 _c153578
_d153578